MARC

LEADER 00000nam0a2200000 4500
001 354651
005 20231102010719.0
035 |a (RuTPU)RU\TPU\retro\11910 
090 |a 354651 
100 |a 20200623d1973 m y0rusy50 ca 
101 0 |a rus 
102 |a RU 
105 |a a j 001zy 
200 1 |a Обработка цветных металлов и сплавов давлением  |e учебник для техникумов  |f К. Н. Богоявленкий, В. В. Жолобов, А. Д. Ландихов, Н. Н. Постников 
205 |a 3-е изд., перераб. и доп. 
210 |a Москва  |c Металлургия  |d 1973 
215 |a 471 с.  |c ил. 
320 |a Библиогр.: с. 466-471 
606 1 |a Цветные металлы  |x Обработка давлением  |x Техническое нормирование  |2 stltpush  |3 (RuTPU)RU\TPU\subj\17863  |9 43423 
610 1 |a цветные сплавы 
610 1 |a учебники 
610 1 |a металлообработка давлением 
610 1 |a теория 
610 1 |a прокатка 
610 1 |a листопрокатное производство 
610 1 |a трубопрокатное производство 
610 1 |a прутки 
610 1 |a профили 
610 1 |a трубные заготовки 
610 1 |a трубные заготовки 
610 1 |a волочение 
675 |a 669.2:621.73(075.4)  |v 4 
701 1 |a Богоявленкий  |b К. Н.  |g Константин Николаевич 
701 1 |a Жолобов  |b В. В.  |g Виктор Владимирович 
701 1 |a Ландихов  |b А. Д.  |g Александр Денисович 
701 1 |a Постников  |b Н. Н.  |g Николай Николаевич 
801 1 |a RU  |b 63413507  |c 20200623 
801 2 |a RU  |b 63413507  |c 20201216  |g RCR 
942 |c BK